[Event "Vesterhav"]
[Site "Esbjerg"]
[Date "1978.??.??"]
[Round "6"]
[White "Fries Nielsen, Jens Ove"]
[Black "Westerinen, Heikki"]
[Result "1/2-1/2"]
[WhiteElo "2260"]
[BlackElo "2450"]
[PlyCount "102"]
[EventDate "1978.??.??"]
[EventType "tourn"]
[EventRounds "13"]
[EventCountry "DEN"]

1. Nf3 Nf6 2. b3 d6 3. e3 e5 4. c4 c5 5. Nc3 Nc6 6. Be2 g6 7. O-O Bg7 8. d3 O-O
9. Rb1 d5 10. cxd5 Nxd5 11. Nxd5 Qxd5 12. Bb2 b6 13. a3 a5 14. Qc2 Bb7 15. Rfd1
Rfd8 16. Bf1 Rac8 17. Ba1 Ba6 18. Rbc1 h6 19. Qb1 Kh7 20. Bc3 Bb5 21. Be2 Qe6
22. Nd2 Nd4 23. Bf1 Nf5 24. Nc4 Nh4 25. Qb2 f6 26. e4 g5 27. Ne3 Rc7 28. Be2
Qf7 29. g3 Ng6 30. Nc4 Rc6 31. Bh5 Qc7 32. Qe2 Nf8 33. Qf3 Kh8 34. Ne3 Rcd6 35.
Nc4 Bxc4 36. bxc4 Qd7 37. Bg4 Rxd3 38. Rxd3 Qxd3 39. Qxd3 Rxd3 40. Be2 Rd6 41.
Rd1 Rxd1+ 42. Bxd1 Ne6 43. Kf1 Kg8 44. Bg4 Nd4 45. Bxd4 cxd4 46. Ke2 Bf8 47. a4
Kf7 48. Kd3 Bb4 49. Bd1 Ke6 50. g4 Kd6 51. h3 Kc5 1/2-1/2

[Event "Vesterhav"]
[Site "Esbjerg"]
[Date "1978.??.??"]
[Round "6"]
[White "Rath, Ulrik"]
[Black "Sigurjonsson, Gudmundur"]
[Result "1/2-1/2"]
[WhiteElo "2405"]
[BlackElo "2500"]
[PlyCount "28"]
[EventDate "1978.??.??"]
[EventType "tourn"]
[EventRounds "13"]
[EventCountry "DEN"]

1. d4 Nf6 2. Nf3 g6 3. Bf4 Bg7 4. e3 d6 5. h3 O-O 6. Be2 c5 7. c3 b6 8. O-O Ba6
9. Bxa6 Nxa6 10. Qe2 Nc7 11. Nbd2 Qc8 12. a4 Re8 13. Bh2 cxd4 14. cxd4 Qa6
1/2-1/2

[Event "Vesterhav"]
[Site "Esbjerg"]
[Date "1978.??.??"]
[Round "7"]
[White "Brinck Claussen, Bjorn"]
[Black "Mestel, A Jonathan"]
[Result "1-0"]
[WhiteElo "2385"]
[BlackElo "2450"]
[PlyCount "49"]
[EventDate "1978.??.??"]
[EventType "tourn"]
[EventRounds "13"]
[EventCountry "DEN"]

1. d4 g6 2. e4 d6 3. c4 e5 4. Ne2 Bg7 5. Be3 exd4 6. Nxd4 c5 7. Nb5 Bxb2 8.
N1c3 Bxc3+ 9. Nxc3 Nc6 10. Nb5 Ke7 11. Be2 Be6 12. f4 f5 13. e5 dxe5 14. Bxc5+
Kf7 15. Nd6+ Kg7 16. O-O Nf6 17. fxe5 Nxe5 18. Qd4 Nf7 19. Nxb7 Qc7 20. Rab1
Rhc8 21. Bf3 Qe5 22. Rfe1 Qxd4+ 23. Bxd4 Rxc4 24. Nc5 Re8 25. Rxe6 1-0

[Event "Vesterhav"]
[Site "Esbjerg"]
[Date "1978.??.??"]
[Round "7"]
[White "Sloth, Jorn"]
[Black "Hoi, Carsten"]
[Result "1-0"]
[WhiteElo "2390"]
[BlackElo "2340"]
[PlyCount "121"]
[EventDate "1978.??.??"]
[EventType "tourn"]
[EventRounds "13"]
[EventCountry "DEN"]

1. Nf3 g6 2. e4 Bg7 3. d4 d6 4. c3 Nf6 5. Bd3 O-O 6. O-O Nc6 7. Nbd2 Nd7 8. Nc4
e5 9. Bg5 Qe8 10. Ne3 Nb6 11. dxe5 dxe5 12. Qc2 f6 13. Bh4 Be6 14. Nd2 Qf7 15.
f3 Rfd8 16. Rfd1 a5 17. b3 Rd7 18. Bb5 Bf8 19. Ng4 g5 20. Bf2 Rad8 21. Bxb6
cxb6 22. Bc4 Bc5+ 23. Kh1 Kg7 24. Bxe6 Qxe6 25. Nf1 Ne7 26. Nge3 b5 27. Rxd7
Rxd7 28. Rd1 Rxd1 29. Qxd1 Ba7 30. Qd8 a4 31. Qe8 Qd6 32. Qxb5 Bxe3 33. Nxe3
axb3 34. axb3 Qd2 35. Nf1 Qf2 36. Ng3 Qe1+ 37. Nf1 Qf2 38. Qd3 Ng6 39. g3 h5
40. b4 h4 41. Ne3 Ne7 42. Ng4 Qa2 43. Qd7 Qb1+ 44. Kg2 h3+ 45. Kf2 Qc2+ 46. Kf1
Kf7 47. Ne3 Qc1+ 48. Ke2 Qb2+ 49. Kd3 Qb1+ 50. Kd2 Qa2+ 51. Nc2 Qa7 52. Qxh3
Qf2+ 53. Kd3 Qxf3+ 54. Ne3 Qf2 55. Qh7+ Ke6 56. Qh5 Qe1 57. Qh3+ Kd6 58. Qf1
Qxf1+ 59. Nxf1 b5 60. Ne3 Ng6 61. Nd5 1-0

[Event "Vesterhav"]
[Site "Esbjerg"]
[Date "1978.??.??"]
[Round "7"]
[White "Westerinen, Heikki"]
[Black "Kristiansen, Jens"]
[Result "1-0"]
[WhiteElo "2450"]
[BlackElo "2395"]
[PlyCount "81"]
[EventDate "1978.??.??"]
[EventType "tourn"]
[EventRounds "13"]
[EventCountry "DEN"]

1. e4 c5 2. Nf3 Nc6 3. d4 cxd4 4. Nxd4 Nf6 5. Nc3 d6 6. f4 e5 7. Nf3 Be7 8. Bc4
O-O 9. Bb3 b5 10. fxe5 Nxe5 11. Nxe5 dxe5 12. Qxd8 Bxd8 13. Nxb5 Nxe4 14. Be3
Bb7 15. O-O-O a6 16. Na3 Bc6 17. Nc4 Bc7 18. Nb6 Rad8 19. Nd5 Bd6 20. Rhe1 Nc5
21. Bxc5 Bxc5 22. Rxe5 Bd6 23. Ne7+ Bxe7 24. Rxe7 Rxd1+ 25. Kxd1 Bxg2 26. Ra7
g5 27. a4 h5 28. Rxa6 Kg7 29. Rd6 h4 30. Bd5 Bxd5 31. Rxd5 f5 32. a5 g4 33. a6
Kg6 34. Ke2 f4 35. a7 f3+ 36. Kf2 Re8 37. Rd2 Ra8 38. Rd6+ Kf5 39. Ra6 Kf4 40.
Ra4+ Kg5 41. b4 1-0

[Event "Vesterhav"]
[Site "Esbjerg"]
[Date "1978.??.??"]
[Round "8"]
[White "Hoi, Carsten"]
[Black "Brinck Claussen, Bjorn"]
[Result "1/2-1/2"]
[WhiteElo "2340"]
[BlackElo "2385"]
[PlyCount "29"]
[EventDate "1978.??.??"]
[EventType "tourn"]
[EventRounds "13"]
[EventCountry "DEN"]

1. d4 Nf6 2. c4 g6 3. Nc3 d5 4. Nf3 Bg7 5. Bg5 dxc4 6. e3 Be6 7. Nd2 c5 8. dxc5
Nd5 9. Nde4 Qa5 10. Qa4+ Qxa4 11. Nxa4 h6 12. Bh4 Nb4 13. Kd2 N8c6 14. a3 Rd8+
15. Nd6+ 1/2-1/2

[Event "Vesterhav"]
[Site "Esbjerg"]
[Date "1978.??.??"]
[Round "8"]
[White "Kristiansen, Jens"]
[Black "Schneider, Lars Ake"]
[Result "0-1"]
[WhiteElo "2395"]
[BlackElo "2430"]
[PlyCount "104"]
[EventDate "1978.??.??"]
[EventType "tourn"]
[EventRounds "13"]
[EventCountry "DEN"]

1. e4 c5 2. Nf3 Nc6 3. d4 cxd4 4. Nxd4 Nf6 5. Nc3 d6 6. Bc4 e6 7. Be3 Be7 8.
Qe2 a6 9. O-O-O Qc7 10. Bb3 Na5 11. g4 b5 12. g5 Nxb3+ 13. axb3 Nd7 14. h4 b4
15. Na4 Nc5 16. h5 Bd7 17. g6 Nxb3+ 18. Nxb3 Bxa4 19. Nd4 Bf6 20. b3 Bb5 21.
Qg4 O-O 22. gxh7+ Kh8 23. h6 g6 24. Bg5 Qe7 25. f4 e5 26. Nxb5 axb5 27. Qh4
Bxg5 28. Qxg5 Qxg5 29. fxg5 f6 30. gxf6 Ra1+ 31. Kd2 Rxd1+ 32. Rxd1 Rxf6 33.
Ke3 g5 34. Rg1 Rg6 35. Kf3 Kxh7 36. Kg4 Rf6 37. Rd1 Kxh6 38. Rd5 Rf4+ 39. Kg3
Rxe4 40. Rxd6+ Kh5 41. Rd5 Re3+ 42. Kf2 Rc3 43. Rxb5 Rxc2+ 44. Ke1 Kg4 45. Rxe5
Kf4 46. Rb5 Ke3 47. Kd1 Rd2+ 48. Kc1 g4 49. Rxb4 g3 50. Rg4 g2 51. Rg3+ Kf4 52.
Rg8 Rf2 0-1

[Event "Vesterhav"]
[Site "Esbjerg"]
[Date "1978.??.??"]
[Round "8"]
[White "Larsen, Bent"]
[Black "Mestel, A Jonathan"]
[Result "0-1"]
[WhiteElo "2620"]
[BlackElo "2450"]
[PlyCount "66"]
[EventDate "1978.??.??"]
[EventType "tourn"]
[EventRounds "13"]
[EventCountry "DEN"]

1. Nf3 g6 2. e4 d6 3. c4 Bg7 4. d4 Nf6 5. Nc3 O-O 6. Be3 c6 7. h3 a6 8. e5 Ne8
9. Qc1 Nd7 10. exd6 Nxd6 11. Bh6 c5 12. Bxg7 Kxg7 13. Qf4 f6 14. O-O-O Qa5 15.
Bd3 cxd4 16. Qxd4 Nc5 17. Rhe1 Rf7 18. g4 Bd7 19. g5 Nf5 20. Bxf5 Bxf5 21. Nh4
Nd3+ 22. Rxd3 Bxd3 23. Nf3 Rd8 24. Qh4 Qc5 25. Rd1 Rff8 26. gxf6+ exf6 27. Nd2
Qg5 28. Qg3 Qxg3 29. fxg3 Rfe8 30. a4 Rc8 31. Nb3 Re3 32. Na5 Rxg3 33. Nxb7
Rxc4 0-1

[Event "Vesterhav"]
[Site "Esbjerg"]
[Date "1978.??.??"]
[Round "8"]
[White "Fries Nielsen, Jens Ove"]
[Black "Sloth, Jorn"]
[Result "1/2-1/2"]
[WhiteElo "2260"]
[BlackElo "2390"]
[PlyCount "45"]
[EventDate "1978.??.??"]
[EventType "tourn"]
[EventRounds "13"]
[EventCountry "DEN"]

1. Nf3 Nf6 2. g3 d6 3. Bg2 g6 4. O-O Bg7 5. c4 O-O 6. Nc3 c6 7. d4 Bf5 8. Nh4
Bd7 9. e4 e5 10. d5 c5 11. Rb1 Na6 12. a3 Ne8 13. Bd2 f5 14. exf5 gxf5 15. Bh3
Qe7 16. Qc2 Qf7 17. Kh1 Nac7 18. f4 e4 19. Nd1 Bd4 20. Ne3 Ng7 21. Rg1 h5 22.
Bf1 Nce8 23. Be2 1/2-1/2

[Event "Vesterhav"]
[Site "Esbjerg"]
[Date "1978.??.??"]
[Round "9"]
[White "Brinck Claussen, Bjorn"]
[Black "Fries Nielsen, Jens Ove"]
[Result "1-0"]
[WhiteElo "2385"]
[BlackElo "2260"]
[PlyCount "129"]
[EventDate "1978.??.??"]
[EventType "tourn"]
[EventRounds "13"]
[EventCountry "DEN"]

1. d4 Nf6 2. c4 e6 3. Nc3 Bb4 4. e3 O-O 5. Bd3 c5 6. Nf3 b6 7. O-O Bb7 8. Na4
cxd4 9. a3 Be7 10. exd4 d5 11. c5 Nbd7 12. b4 Ne4 13. Bb2 a6 14. Qe2 Bc6 15.
Nc3 bxc5 16. dxc5 Bf6 17. Rac1 Nxc3 18. Bxc3 Bxc3 19. Rxc3 Qf6 20. Rcc1 e5 21.
Bxa6 e4 22. Nd2 Nb8 23. Bb5 Rxa3 24. Rb1 Bxb5 25. Qxb5 Nc6 26. Qe2 Qg6 27. Rfd1
Nd4 28. Qf1 Re8 29. b5 Rd3 30. Kh1 Nf5 31. b6 Qc6 32. Nb3 Rxd1 33. Qxd1 e3 34.
fxe3 Nxe3 35. Qf3 Qb5 36. Nd2 Qxc5 37. b7 Rb8 38. Qf4 Qa7 39. Qc7 g6 40. Nf3
Ng4 41. Qc8+ Kg7 42. Qxg4 Rxb7 43. Rd1 Qe3 44. h3 Qe4 45. Qg5 Rb1 46. Rxb1
Qxb1+ 47. Kh2 Qe4 48. Kg3 f6 49. Qf4 g5 50. Qxe4 dxe4 51. Nd4 Kg6 52. Kf2 f5
53. Ke3 Kf6 54. Nc6 Ke6 55. Kd4 Kd6 56. Ne5 Ke7 57. Nc4 Kf6 58. Ne3 f4 59. Nd5+
Kf5 60. Nc3 e3 61. g4+ fxg3 62. Kxe3 g4 63. h4 g2 64. Ne2 Ke5 65. Kf2 1-0

[Event "Vesterhav"]
[Site "Esbjerg"]
[Date "1978.??.??"]
[Round "9"]
[White "Mestel, A Jonathan"]
[Black "Hoi, Carsten"]
[Result "1/2-1/2"]
[WhiteElo "2450"]
[BlackElo "2340"]
[PlyCount "102"]
[EventDate "1978.??.??"]
[EventType "tourn"]
[EventRounds "13"]
[EventCountry "DEN"]

1. e4 e6 2. d4 d5 3. e5 c5 4. c3 Qb6 5. Nf3 Nc6 6. a3 c4 7. g3 Bd7 8. Bh3 Be7
9. O-O h6 10. Nbd2 Na5 11. Ne1 O-O-O 12. Rb1 h5 13. f4 Nh6 14. Ng2 g6 15. Ne3
Nf5 16. Nf3 Bxa3 17. Bxf5 gxf5 18. b4 Bxc1 19. Qxc1 Nb3 20. Qb2 Rdg8 21. Ng5
Rg7 22. Rf2 a6 23. h3 Qd8 24. Qe2 Bb5 25. Rh2 b6 26. g4 Rxg5 27. fxg5 Qxg5 28.
Rf1 hxg4 29. hxg4 Rxh2 30. Kxh2 Nxd4 31. cxd4 c3 32. Qf3 Bxf1 33. Nxf1 Qh4+ 34.
Kg2 Qxg4+ 35. Qxg4 fxg4 36. Ne3 b5 37. Nc2 Kb7 38. Na1 a5 39. Nb3 axb4 40. Kg3
Kb6 41. Kxg4 Kc7 42. Kf4 Kd8 43. Na5 Ke8 44. Ke3 f6 45. Kd3 fxe5 46. dxe5 Kf7
47. Nc6 Kg6 48. Nxb4 Kf5 49. Kd4 Kf4 50. Nd3+ Kf5 51. Nb4 Kf4 1/2-1/2

[Event "Vesterhav"]
[Site "Esbjerg"]
[Date "1978.??.??"]
[Round "9"]
[White "Rodgaard, John"]
[Black "Sigurjonsson, Gudmundur"]
[Result "1/2-1/2"]
[WhiteElo "2320"]
[BlackElo "2500"]
[PlyCount "46"]
[EventDate "1978.??.??"]
[EventType "tourn"]
[EventRounds "13"]
[EventCountry "DEN"]

1. d4 Nf6 2. Nf3 e6 3. c4 b6 4. g3 Bb7 5. Bg2 Be7 6. O-O O-O 7. Nc3 d5 8. cxd5
exd5 9. Qa4 Na6 10. Rd1 Qe8 11. Bf4 Qxa4 12. Nxa4 Nh5 13. Be3 Rfe8 14. Rac1 Bd6
15. Ne1 Nf6 16. Nd3 c6 17. Bf3 Nb4 18. Nxb4 Bxb4 19. Rc2 h6 20. b3 Ne4 21. Nb2
g5 22. Nd3 Bd6 23. Bd2 Nxd2 1/2-1/2

[Event "Vesterhav"]
[Site "Esbjerg"]
[Date "1978.??.??"]
[Round "9"]
[White "Schneider, Lars Ake"]
[Black "Ogaard, Leif"]
[Result "1/2-1/2"]
[WhiteElo "2430"]
[BlackElo "2435"]
[PlyCount "41"]
[EventDate "1978.??.??"]
[EventType "tourn"]
[EventRounds "13"]
[EventCountry "DEN"]

1. b3 d5 2. Bb2 Bg4 3. Nf3 Nd7 4. e3 e6 5. Be2 Ngf6 6. Ne5 Nxe5 7. Bxe5 Bf5 8.
O-O Bd6 9. f4 Bxe5 10. fxe5 Nd7 11. d4 O-O 12. c4 c6 13. Nc3 Qg5 14. Rf4 f6 15.
exf6 Rxf6 16. Qf1 Nf8 17. Qf2 Ng6 18. Rf3 Nh4 19. Rf4 Ng6 20. Rf3 Nh4 21. Rf4
1/2-1/2

[Event "Vesterhav"]
[Site "Esbjerg"]
[Date "1978.??.??"]
[Round "9"]
[White "Sloth, Jorn"]
[Black "Kristiansen, Jens"]
[Result "1/2-1/2"]
[WhiteElo "2390"]
[BlackElo "2395"]
[PlyCount "44"]
[EventDate "1978.??.??"]
[EventType "tourn"]
[EventRounds "13"]
[EventCountry "DEN"]

1. d4 Nf6 2. Nf3 g6 3. Bg5 Bg7 4. Nbd2 O-O 5. c3 d5 6. e3 b6 7. a4 a5 8. Bd3
Bb7 9. O-O Ne4 10. Bf4 Nd7 11. Qc2 Nxd2 12. Qxd2 Re8 13. Bb5 c6 14. Be2 e5 15.
dxe5 Nxe5 16. Nxe5 Bxe5 17. Bxe5 Rxe5 18. Rfd1 Qc7 19. c4 dxc4 20. Bxc4 Rae8
21. Qd6 Qxd6 22. Rxd6 Rc5 1/2-1/2

[Event "Vesterhav"]
[Site "Esbjerg"]
[Date "1978.??.??"]
[Round "9"]
[White "Westerinen, Heikki"]
[Black "Rath, Ulrik"]
[Result "1/2-1/2"]
[WhiteElo "2450"]
[BlackElo "2405"]
[PlyCount "80"]
[EventDate "1978.??.??"]
[EventType "tourn"]
[EventRounds "13"]
[EventCountry "DEN"]

1. e4 e5 2. Nf3 Nf6 3. d4 Nxe4 4. Bd3 d5 5. Nxe5 Bd6 6. O-O O-O 7. c4 Bxe5 8.
dxe5 Nc6 9. Bf4 Nb4 10. cxd5 Qxd5 11. Be2 Qxd1 12. Rxd1 Bf5 13. Nc3 Nxc3 14.
bxc3 Nc6 15. Bf3 Rad8 16. h3 Rxd1+ 17. Rxd1 Rd8 18. Rxd8+ Nxd8 19. Bg5 Nc6 20.
Bxc6 bxc6 21. Be7 h5 22. f3 Kh7 23. Kf2 Bd3 24. Bd8 Kg6 25. g4 hxg4 26. fxg4
Bc4 27. a3 Be6 28. Kg3 f5 29. exf6 gxf6 30. Kf4 Bc4 31. h4 Be6 32. Bxc7 Bd7 33.
Bd8 Be6 34. g5 fxg5+ 35. Bxg5 a5 36. Ke5 Bd5 37. Kd6 a4 38. Kc5 Bf3 39. Kb4 Bd1
40. Kc5 Bf3 1/2-1/2

[Event "Vesterhav"]
[Site "Esbjerg"]
[Date "1978.??.??"]
[Round "10"]
[White "Kristiansen, Jens"]
[Black "Brinck Claussen, Bjorn"]
[Result "1/2-1/2"]
[WhiteElo "2395"]
[BlackElo "2385"]
[PlyCount "99"]
[EventDate "1978.??.??"]
[EventType "tourn"]
[EventRounds "13"]
[EventCountry "DEN"]

1. e4 e6 2. d4 d5 3. Nd2 Nf6 4. e5 Nfd7 5. f4 c5 6. c3 Nc6 7. Ndf3 cxd4 8. cxd4
Nb6 9. Bd3 Be7 10. g4 h5 11. gxh5 Bh4+ 12. Kf1 Rxh5 13. Ng5 Rh8 14. N1f3 Bd7
15. Rg1 Qe7 16. Nxh4 Rxh4 17. Nf3 Rh8 18. Rxg7 Qf8 19. Rg3 O-O-O 20. a4 f6 21.
Kg2 Kb8 22. a5 Nc4 23. a6 fxe5 24. dxe5 Bc8 25. Qg1 bxa6 26. b3 Nb6 27. Bxa6
Bxa6 28. Rxa6 d4 29. Bd2 Qc5 30. Kh1 Ne7 31. Rg7 Qd5 32. Qg2 Rdg8 33. Rxg8+
Rxg8 34. Ng5 Qxb3 35. Ra1 Rc8 36. Ne4 Nf5 37. Nd6 Nxd6 38. exd6 Nc4 39. Be1
Nxd6 40. Bf2 Nf5 41. Qe4 Qb7 42. Qxb7+ Kxb7 43. Kg2 Rd8 44. Kf3 d3 45. Rxa7+
Kc6 46. Ra1 Kd5 47. Rc1 d2 48. Rc5+ Kd6 49. Ke2 Rh8 50. Rc2 1/2-1/2

[Event "Vesterhav"]
[Site "Esbjerg"]
[Date "1978.??.??"]
[Round "10"]
[White "Fries Nielsen, Jens Ove"]
[Black "Mestel, A Jonathan"]
[Result "1-0"]
[WhiteElo "2260"]
[BlackElo "2450"]
[PlyCount "77"]
[EventDate "1978.??.??"]
[EventType "tourn"]
[EventRounds "13"]
[EventCountry "DEN"]

1. Nf3 g6 2. g3 Bg7 3. Bg2 e5 4. d3 d5 5. O-O Ne7 6. Nbd2 O-O 7. e4 Nbc6 8. c3
a5 9. a4 Re8 10. Re1 h6 11. Rb1 Be6 12. Qe2 Qd7 13. Nf1 Rad8 14. N3d2 d4 15.
Nf3 b6 16. c4 Nb4 17. b3 Kh7 18. h4 f5 19. N3h2 Ng8 20. Bd2 Bf8 21. h5 gxh5 22.
Nf3 Qg7 23. exf5 Bf7 24. Nh4 Nf6 25. Bxb4 Bxb4 26. Nd2 Qg4 27. Bf3 Qg5 28. Ne4
Nxe4 29. Bxe4 Bxe1 30. Rxe1 Rg8 31. Nf3 Qf6 32. Bb7 Rde8 33. Qe4 Rg4 34. Qc6
Qxf5 35. Qxc7 h4 36. Rxe5 Rxe5 37. Nxe5 Rg7 38. Be4 Bg6 39. Qd6 1-0

[Event "Vesterhav"]
[Site "Esbjerg"]
[Date "1978.??.??"]
[Round "10"]
[White "Ogaard, Leif"]
[Black "Sloth, Jorn"]
[Result "1/2-1/2"]
[WhiteElo "2435"]
[BlackElo "2390"]
[PlyCount "82"]
[EventDate "1978.??.??"]
[EventType "tourn"]
[EventRounds "13"]
[EventCountry "DEN"]

1. d4 Nf6 2. c4 e6 3. Nc3 Bb4 4. e3 b6 5. Nge2 Ne4 6. Qc2 Bb7 7. a3 Bxc3+ 8.
Nxc3 Nxc3 9. Qxc3 Qf6 10. b3 d6 11. Bb2 Nd7 12. Qc2 Qg6 13. Qxg6 hxg6 14. f3
Ke7 15. Kf2 g5 16. Be2 Rh4 17. h3 e5 18. Rhd1 e4 19. d5 exf3 20. Bxf3 a5 21.
Bd4 Ba6 22. Rac1 f6 23. b4 axb4 24. axb4 Ne5 25. Be2 Rhh8 26. Rd2 Nd7 27. Ra1
Bb7 28. Rda2 Rxa2 29. Rxa2 Ra8 30. Rxa8 Bxa8 31. e4 Bb7 32. Ke3 Ba6 33. Kd2 Ne5
34. Kc3 Bc8 35. c5 bxc5 36. bxc5 Nf7 37. Kb4 Nh6 38. Ka5 Nf7 39. Bh5 Nd8 40.
Be3 Nb7+ 41. Kb5 Nxc5 1/2-1/2

[Event "Vesterhav"]
[Site "Esbjerg"]
[Date "1978.??.??"]
[Round "10"]
[White "Rath, Ulrik"]
[Black "Schneider, Lars Ake"]
[Result "0-1"]
[WhiteElo "2405"]
[BlackElo "2430"]
[PlyCount "108"]
[EventDate "1978.??.??"]
[EventType "tourn"]
[EventRounds "13"]
[EventCountry "DEN"]

1. Nf3 Nf6 2. c4 e6 3. g3 d5 4. b3 Be7 5. Bg2 c5 6. O-O Nc6 7. Bb2 O-O 8. e3 b6
9. Qe2 Bb7 10. Rd1 Rc8 11. Nc3 dxc4 12. bxc4 Qc7 13. d3 Rfd8 14. Rab1 Qb8 15.
Ne1 Nb4 16. Bh3 Ne8 17. f4 Bf6 18. g4 h6 19. a3 Nc6 20. Nf3 Nd6 21. Bg2 g6 22.
h4 Bg7 23. g5 h5 24. Qf2 Qc7 25. Nd2 Nf5 26. Nf3 Nce7 27. Nb5 Qb8 28. Bxg7 Kxg7
29. Nc3 Kg8 30. Ne5 Bxg2 31. Kxg2 Nc6 32. Nxc6 Rxc6 33. Ne4 e5 34. Nf6+ Rxf6
35. gxf6 exf4 36. exf4 Qd6 37. Kh3 Qxf6 38. Rd2 Rd4 39. Re1 Nh6 40. Kg3 Nf5+
41. Kh2 Nxh4 42. Re4 Rd8 43. Re3 Kg7 44. Kh3 Nf5 45. Rf3 Re8 46. Kh2 Re6 47.
Kh3 Qa1 48. Kh2 Re1 49. Ra2 Rh1+ 50. Kg2 Nh4+ 51. Kg3 Qd1 52. Rd2 Rg1+ 53. Kxh4
Rg4+ 54. Kh3 Qh1+ 0-1

[Event "Vesterhav"]
[Site "Esbjerg"]
[Date "1978.??.??"]
[Round "10"]
[White "Sigurjonsson, Gudmundur"]
[Black "Westerinen, Heikki"]
[Result "1/2-1/2"]
[WhiteElo "2500"]
[BlackElo "2450"]
[PlyCount "39"]
[EventDate "1978.??.??"]
[EventType "tourn"]
[EventRounds "13"]
[EventCountry "DEN"]

1. e4 e5 2. Nf3 Nc6 3. Bb5 a6 4. Ba4 d6 5. O-O Bd7 6. c3 g6 7. d4 Bg7 8. Re1
Nge7 9. dxe5 Nxe5 10. Nxe5 dxe5 11. Be3 Bxa4 12. Qxa4+ Qd7 13. Qb3 Qc6 14. Na3
O-O 15. Rad1 h6 16. Qb4 Rfe8 17. f3 Bf8 18. Qb3 Rad8 19. Nc4 Qe6 20. Na5
1/2-1/2

[Event "Vesterhav"]
[Site "Esbjerg"]
[Date "1978.??.??"]
[Round "11"]
[White "Brinck Claussen, Bjorn"]
[Black "Ogaard, Leif"]
[Result "1-0"]
[WhiteElo "2385"]
[BlackElo "2435"]
[PlyCount "77"]
[EventDate "1978.??.??"]
[EventType "tourn"]
[EventRounds "13"]
[EventCountry "DEN"]

1. d4 Nf6 2. c4 g6 3. Nc3 d5 4. Bf4 Bg7 5. e3 O-O 6. Qb3 c5 7. cxd5 cxd4 8.
exd4 Nbd7 9. Be2 Nb6 10. Bf3 Bf5 11. Rd1 a5 12. Nge2 Rc8 13. O-O a4 14. Qb5 Re8
15. d6 exd6 16. Bxb7 Rb8 17. Bc6 Nbd7 18. Qxa4 Rxb2 19. Rd2 Rxd2 20. Bxd2 Bd3
21. Re1 Re7 22. Nc1 Bh6 23. Qd1 Bxd2 24. Rxe7 Qxe7 25. Qxd2 Ba6 26. Qe3 Qd8 27.
Nb3 Qc7 28. Bxd7 Qxd7 29. h3 Qf5 30. Qe7 Nd5 31. Qxd6 Nxc3 32. Qxa6 Qb1+ 33.
Kh2 Nxa2 34. Nc5 Nc3 35. Nd7 Qb4 36. Qf6 Nd5 37. Qe5 Nc3 38. Nf6+ Kg7 39. Nd5+
1-0

[Event "Vesterhav"]
[Site "Esbjerg"]
[Date "1978.??.??"]
[Round "11"]
[White "Hoi, Carsten"]
[Black "Fries Nielsen, Jens Ove"]
[Result "1/2-1/2"]
[WhiteElo "2340"]
[BlackElo "2260"]
[PlyCount "51"]
[EventDate "1978.??.??"]
[EventType "tourn"]
[EventRounds "13"]
[EventCountry "DEN"]

1. d4 d5 2. Nf3 Nf6 3. c4 dxc4 4. e3 Bg4 5. Bxc4 e6 6. h3 Bh5 7. g4 Bg6 8. Ne5
Nbd7 9. Nxg6 hxg6 10. Nc3 c6 11. Bd2 Qc7 12. Qf3 Nb6 13. Bb3 Nfd5 14. e4 Nxc3
15. bxc3 Ba3 16. Bc1 Qe7 17. Bxa3 Qxa3 18. O-O Qe7 19. d5 e5 20. dxc6 bxc6 21.
Rfd1 O-O 22. Rd2 a5 23. a4 Rad8 24. Rxd8 Rxd8 25. Rb1 Nd7 26. Rd1 1/2-1/2

[Event "Vesterhav"]
[Site "Esbjerg"]
[Date "1978.??.??"]
[Round "11"]
[White "Mestel, A Jonathan"]
[Black "Kristiansen, Jens"]
[Result "1-0"]
[WhiteElo "2450"]
[BlackElo "2395"]
[PlyCount "61"]
[EventDate "1978.??.??"]
[EventType "tourn"]
[EventRounds "13"]
[EventCountry "DEN"]

1. e4 e5 2. Nf3 d6 3. Bc4 Be7 4. d4 exd4 5. Nxd4 Nf6 6. Nc3 O-O 7. Bb3 Nc6 8.
O-O Re8 9. Re1 Bf8 10. Bg5 h6 11. Bxf6 Qxf6 12. Ndb5 Ne5 13. Nxc7 Bg4 14. f3
Bxf3 15. Qd2 d5 16. Nxe8 Rxe8 17. Rf1 dxe4 18. Kh1 Rd8 19. Nd5 Qh4 20. gxf3
Nxf3 21. Qf4 Qh5 22. Rad1 Rd6 23. c3 Re6 24. Ne3 Rf6 25. Qb8 Kh7 26. Rf2 Bc5
27. Bc2 Re6 28. Qf4 Bxe3 29. Bxe4+ Rxe4 30. Qxe4+ g6 31. Rxf3 1-0

[Event "Vesterhav"]
[Site "Esbjerg"]
[Date "1978.??.??"]
[Round "11"]
[White "Schneider, Lars Ake"]
[Black "Sigurjonsson, Gudmundur"]
[Result "0-1"]
[WhiteElo "2430"]
[BlackElo "2500"]
[PlyCount "66"]
[EventDate "1978.??.??"]
[EventType "tourn"]
[EventRounds "13"]
[EventCountry "DEN"]

1. e4 c5 2. Nf3 e6 3. d4 cxd4 4. Nxd4 Nf6 5. Nc3 d6 6. Be2 Be7 7. O-O O-O 8.
Be3 a6 9. f4 Qc7 10. Qe1 b5 11. Bf3 Bb7 12. e5 Ne8 13. Qg3 dxe5 14. fxe5 Nd7
15. Rae1 Rc8 16. Kh1 Bxf3 17. Nxf3 b4 18. Ne4 Qxc2 19. Bd4 Qd3 20. Qg4 h6 21.
Be3 Kh7 22. Bg5 Bd8 23. Rd1 Qb5 24. Bxd8 Rxd8 25. Qh4 f6 26. exf6 gxf6 27. Nd4
Qb6 28. Qh3 Ng7 29. Rf3 a5 30. Rg3 Ne5 31. Qh4 Nf5 32. Nxf6+ Kh8 33. Qf4 Rxd4
0-1

[Event "Vesterhav"]
[Site "Esbjerg"]
[Date "1978.??.??"]
[Round "11"]
[White "Sloth, Jorn"]
[Black "Rath, Ulrik"]
[Result "1/2-1/2"]
[WhiteElo "2390"]
[BlackElo "2405"]
[PlyCount "24"]
[EventDate "1978.??.??"]
[EventType "tourn"]
[EventRounds "13"]
[EventCountry "DEN"]

1. c4 Nf6 2. g3 c6 3. Bg2 d5 4. Qa4 e6 5. Nf3 Be7 6. d4 O-O 7. Bf4 Nbd7 8. Qc2
Ne4 9. O-O g5 10. Bd2 f5 11. Ne1 Bf6 12. e3 g4 1/2-1/2

[Event "Vesterhav"]
[Site "Esbjerg"]
[Date "1978.??.??"]
[Round "12"]
[White "Forintos, Gyozo"]
[Black "Schneider, Lars Ake"]
[Result "1-0"]
[WhiteElo "2435"]
[BlackElo "2430"]
[PlyCount "59"]
[EventDate "1978.??.??"]
[EventType "tourn"]
[EventRounds "13"]
[EventCountry "DEN"]

1. d4 Nf6 2. c4 e6 3. Nc3 Bb4 4. Qc2 c5 5. dxc5 O-O 6. a3 Bxc5 7. Nf3 Nc6 8.
Bf4 d5 9. e3 Qa5 10. Rd1 Rd8 11. Nd2 dxc4 12. Bxc4 Be7 13. O-O Qh5 14. Bc7 Rf8
15. Be2 Qg6 16. Qxg6 hxg6 17. Bf3 Bd8 18. Bg3 Nh5 19. Bd6 Be7 20. Nc4 Bxd6 21.
Rxd6 Ne7 22. Rfd1 Nf6 23. Ne5 Rb8 24. Nb5 Nfd5 25. Nxa7 f6 26. Nd7 Bxd7 27.
Rxd7 Rfe8 28. Nb5 Rec8 29. e4 Rc5 30. exd5 1-0

[Event "Vesterhav"]
[Site "Esbjerg"]
[Date "1978.??.??"]
[Round "12"]
[White "Ogaard, Leif"]
[Black "Mestel, A Jonathan"]
[Result "1/2-1/2"]
[WhiteElo "2435"]
[BlackElo "2450"]
[PlyCount "120"]
[EventDate "1978.??.??"]
[EventType "tourn"]
[EventRounds "13"]
[EventCountry "DEN"]

1. d4 e6 2. Nf3 d5 3. c4 c6 4. Nc3 dxc4 5. a4 Bb4 6. e3 b5 7. Bd2 a5 8. axb5
Bxc3 9. Bxc3 cxb5 10. b3 Bb7 11. bxc4 b4 12. Bb2 Nf6 13. Bd3 Be4 14. Bxe4 Nxe4
15. Qc2 f5 16. O-O O-O 17. Rfd1 Nd7 18. d5 Ndc5 19. Nd4 Qb6 20. dxe6 b3 21. Qb1
Nxe6 22. Nxf5 N6g5 23. Rd7 Ra7 24. Ne7+ Kh8 25. Nd5 Nf3+ 26. Kf1 Rxd7 27. Nxb6
Nfd2+ 28. Kg1 Nxb1 29. Nxd7 Rd8 30. Rxa5 h6 31. Rd5 Nbc3 32. Rd3 Na4 33. Nc5
Rxd3 34. Nxd3 Nec5 35. Nxc5 Nxc5 36. Kf1 Na4 37. Bd4 Kg8 38. Ke2 b2 39. Bxb2
Nxb2 40. c5 Kf7 41. e4 Na4 42. c6 Ke6 43. Ke3 Nb6 44. h4 Nc8 45. Kf4 Ne7 46. c7
Kd6 47. h5 Kxc7 48. Ke5 Kd7 49. g4 Nc6+ 50. Kf5 Ne7+ 51. Ke5 Nc6+ 52. Kf5 Ke7
53. e5 Kf7 54. f4 Nd4+ 55. Ke4 Ne6 56. Ke3 Nd8 57. Ke4 Ke7 58. Kf5 Ne6 59. Kg6
Kf8 60. f5 Nf4+ 1/2-1/2